000 00465nam a2200205Ia 4500
003 OSt
005 20220924134327.0
006 a|||||r|||| 00| 0
007 ta
008 220923b |||||||| |||| 00| 0 snd d
024 _a273487
037 _cTextual
040 _aARTS
_cARTS
_bsnd
041 _2snd
_asnd
082 _aO1593,3x, G0
245 0 _aBakhail
260 _c1930
942 _hO1593,3x, G0
_cTEXL
_2CC
999 _c437049
_d437049